| 000 | 00789nas a22002414a 4500 | ||
|---|---|---|---|
| 008 | 850522c19819999spc x || o0 ||cat|| | ||
| 022 | _a0211-562X | ||
| 035 |
_a0065-87160 _9ES-BaSLP035 |
||
| 040 |
_aES-BaBC _bcat _cES-BaBC _dES-BaSLP |
||
| 080 | _a05Arrel | ||
| 222 | 0 | _aArrel | |
| 245 | 0 | 0 |
_aArrel : _brevista editada per la Diputació de Barcelona. |
| 260 |
_aBarcelona : _bServei de Premsa de la Diputació de Barcelona, _c1981- |
||
| 300 | _c28 cm. | ||
| 310 | _aIrregular | ||
| 362 | 0 | _aNúm. 1 (1981, abr./juny)- | |
| 500 | _aA partir del núm. 9 el subtítol desapareix. | ||
| 500 | _aLes dimensions varien. | ||
| 525 | _aEl núm. 5 va acompanyat de 13 mapes. | ||
| 650 | 4 | _aRevistes generals | |
| 710 | 1 |
_aBarcelona (Província). _bServei de Premsa |
|
| 752 | _dBarcelona. | ||
| 999 |
_c6856 _d6856 |
||